| 000 | 00738nam a2200205 i 4500 | ||
|---|---|---|---|
| 001 | 98202 | ||
| 003 | ES-MaACL | ||
| 005 | 20230906182232.0 | ||
| 007 | t| | ||
| 008 | 050726s1969 sp ||||1| spa d | ||
| 100 | 1 |
_aMarston, Anson. _977143 |
|
| 245 | 1 | 0 |
_aValoración de instalaciones industriales / _cpor Anson Marston, Robley Winfrey y Jean C. Hempstead; [traducción por Federico G. de Góncer; revisión de Enrique Añaños]. |
| 260 |
_aBarcelona : _bEd. Hispano Europea, _c1969. |
||
| 300 |
_a563 p. : _bil. ; _c22 cm. |
||
| 700 | 1 |
_aWinfrey, Robley. _9117077 |
|
| 700 | 1 |
_aHempstead, Jean C. _962499 |
|
| 700 | 1 |
_aGóncer, Federico G. de. _958227 |
|
| 700 | 1 |
_aAñaños, Enrique. _922021 |
|
| 852 |
_aES-MaACL _jC-38647 _bR.71931 |
||
| 999 |
_c98202 _d98202 |
||